Statistiques concernant Les pays les moins trouvés sur JetPunk

Cliquez ici pour prendre le quiz!

Statistiques générales

  • Ce quiz a été pris 300 fois
  • Le résultat moyen est 20 sur 36

Statistiques - réponses

PourcentagePays% Correct
13%Tuvalu
74%
17%Vanuatu
73%
11%Nauru
72%
14%Saint-Vincent-et-les-Grenadines
71%
16%Brunei
70%
14%Îles Marshall
70%
17%Tonga
70%
17%Samoa
69%
12%Kiribati
68%
18%Micronésie
68%
11%Palaos
68%
13%Timor oriental
67%
14%Grenade
65%
17%Sainte-Lucie
65%
13%Saint-Christophe-et-Niévès
64%
17%Bahreïn
62%
19%Barbade
62%
13%Salomon
62%
18%Comores
57%
19%Dominique
57%
24%Saint-Marin
55%
22%Seychelles
54%
20%Maldives
52%
24%Djibouti
47%
23%Burundi
46%
23%Guinée équatoriale
46%
20%Swaziland
46%
21%Malawi
44%
21%Gambie
42%
23%Guinée-Bissau
42%
18%Trinité-et-Tobago
40%
18%Kirghizistan
38%
13%Sao Tomé-et-Principe
38%
14%Antigua-et-Barbuda
36%
23%Soudan du Sud
30%
23%Sierra Leone
29%

Distribution des résultats

Percentile par nombre de réponses

% des personnes avec chaque résultat

Votre développement - résultats

Vous n’avez pas pris ce quiz